1528 1068 1894 1595 1763 1505 1029 1801 1641 1668 1583 1154 1933 1386 1233 1683 1321 1558 1752 1559 1215 1787 1591 1343 1765 1104 1672 1804 1230 1145 1632 1224 1580 1167 1934 1846 1791 1394 1219 1613 1748 1333 1976 1024 1326 1669 1999 1911 1675 1909 1804 1758 1386 1976 1890 1591 1305 1057 1059 1487 1252 1344 1049 1828 1331 1332 1492 1728 1242 1484 1291 1769 1998 1878 1909 1443 1521 1412 1041 1294 1977 1507 1717 1346 1939 1089 1906 1827 1685 1961 1069 1755 1191 1160 1406 1606 1081 1852 1348 BCNSPRNW ULIB Ver.6.0+V

เปลี่ยนเป็นภาษาไทย

Change to English
 แสดงรายละเอียดบรรณานุกรม
  กลับหน้าหลัก

Brief Record : Get Marc (ISO 2709) : E-mail record : QR code < ปิดหน้าต่าง
LEADER : 00000nam 2200000uu 4500
001    13399111115
003     ULIB
008    110616s2543||||th 000 0 tha d
024    9789990331882
060  4 WT120^bส676 2543
100 0  สิน วิภาวสุ
245 00 คู่มือทองสำหรับเพศหญิง/^c สิน วิภาวสุ
260    กรุงเทพฯ:^bรุ่งแสงการพิมพ์,^c2543.
300    276 หน้า
650  7  ผู้หญิง
945    ^p120^l0^i012601
945    ^p120^l0^i012600
995    เกษร
999 ^a ใช้งานได้ทุกระบบ
รายการนี้ยังไม่มีแท็ก
คุณยังไม่ได้ล็อกอิน คุณสามารถมีกิจกรรมร่วมกับเว็บไซต์ได้ แต่ต้องล็อกอินก่อน ::
  ล็อกอิน

รายการสื่อสารสนเทศ

ลำดับที่ ประเภท เลขเรียก/บาร์โค้ด สถานที่ สถานะ
- ไม่พบข้อมูล -

รายการใกล้เคียง
    หัวเรื่อง [ผู้หญิง]

BibComment


ยังไม่เคยถูกคอมเมนท์

คอมเมนท์ทรัพยากรรายการนี้
  คอมเมนท์: คู่มือทองสำหรับเพ..


 Copyright 2026. Bcnsprnw @Library